| 000 | 01146nam a22002295a 4500 | ||
|---|---|---|---|
| 999 |
_c27036 _d27008 |
||
| 003 | EG-ScBUE | ||
| 005 | 20181210150705.0 | ||
| 008 | 181210s2016 ua frb 000 0 ara d | ||
| 040 |
_aEG-ScBUE _bara _cEG-ScBUE _dEG-ScBUE |
||
| 043 | _af-ua--- | ||
| 082 | 0 | 4 |
_a342.620664 _bح ل و _222 |
| 100 | 1 | _aحلو، ماجد راغب. | |
| 245 | 1 | 2 |
_aالقضاء الإداري : _bمبدأ المشروعية - لجان التوفيق في المنازعات الإدارية - تنظيم القضاء الإداري - اختصاص القضاء الإداري - ولاية القضاء الإداري - قضاء الإلغاء - قضاء التعويض - قضاء التأديب - قضاء التسوية - الطعن في الأحكام - ديوان المظالم / _cماجد راغب الحلو. |
| 260 |
_aالإسكندرية : _bدار الجامعة الجديدة، _c2016. |
||
| 300 |
_a624 ص. ؛ _c24 سم. |
||
| 504 | _aيشتمل على إرجاعات ببليوجرافية. | ||
| 650 | 7 |
_aالقضاء الإداري _zمصر. _2BUEsh |
|
| 651 | _2BUEsh | ||
| 653 |
_bLLAAWW _cDecember2018 |
||
| 655 | _vReading book | ||
| 942 | _2ddc | ||